000 00262nam a22001217a 4500
082 _a153.4
_bBEI/G
100 _aBEILENSON
245 _aGIFT OF FRIENDSHIP
260 _aNEW YORK
_bPETER PAUPER PRESS
300 _a64
650 _aTHOUGHTS
_zNEW YORK
942 _cBK
999 _c3743
_d3743